000 00714nam a2200289Ia 4500
005 20260324142431.0
008 008 260324s9999 xx 000 0 eng d
020 _a9781315049960
037 _aEBOOK
040 _aCRL
040 _beng
040 _cCRL
041 _2eng
041 _aeng
084 _qCRL
100 _aDavid J. Pervin; Steven L. Spiegel
_91211922
245 0 _aPractical Peacemaking in the Middle East
245 0 _bArms Control and Regional Security
260 _bTaylor and Francis
260 _c1995
365 _a
365 _b255
856 _uhttp://www.taylorfrancis.com/books/9781315049960
942 _cEBOOK
999 _c1816120
_d1816120